书目信息 |
| 题名: |
中国第四纪植被与环境
|
|
| 作者: | 李文漪 著 | |
| 分册: | ||
| 出版信息: | 北京 科学出版社 1998.07 |
|
| 页数: | 253页 | |
| 开本: | 16开 | |
| 丛书名: | ||
| 单 册: | ||
| 中图分类: | Q914.663 | |
| 科图分类: | ||
| 主题词: | 古植物学 | |
| 电子资源: | ||
| ISBN: | 7-03-006565-4 | |
| 000 | 00520nam0 2200193 45 | |
| 001 | 0010100973 | |
| 005 | 20031219104046.8 | |
| 010 | @a7-03-006565-4@b精装本@dCNY40.00 | |
| 100 | @a20001010d1998 km y0chiy0120 ea | |
| 101 | 0 | @achi |
| 105 | @a z 000yy | |
| 200 | 1 | @a中国第四纪植被与环境@f李文漪著@FLi Wen Yi Zhu |
| 210 | @a北京@c科学出版社@d1998.07 | |
| 215 | @a253页@d16开 | |
| 606 | 0 | @a古植物学 |
| 690 | @aQ914.663@v3 | |
| 701 | 0 | @a李文漪@4著 |
| 801 | @aCN@bTSTC@c20001010 | |
| 905 | @b291622-623@dQ914.663@e14@f2 | |
| 中国第四纪植被与环境/李文漪著.-北京:科学出版社,1998.07 |
| 253页;16开 |
| ISBN 7-03-006565-4(精装本):CNY40.00 |
| ● |
| 相关链接 |
|
|
|
|
正题名:中国第四纪植被与环境
索取号:Q914.663/14
 
预约/预借
| 序号 | 登录号 | 条形码 | 馆藏地/架位号 | 状态 | 备注 |
| 1 | 0291622 | 002916223 | 第三借阅区/ [索取号:Q914.663/14] | 在馆 | |
| 2 | 0291623 | 002916232 | 第二样本阅览室/ [索取号:Q914.663/14] | 在馆 |